Serge Gainsbourg

Saved in:
Bibliographic Details
Main Author: Rioux, Lucien (Author)
Format: Book
Language:French
Published: París Editions Seghers 1969
Series:Chansons d'Aujourd'Hui
Subjects:
Tags: Add Tag
No Tags, Be the first to tag this record!

MARC

LEADER 00000nam a2200000 a 4500
001 UCY9139
003 CL-VaPUC
008 950713e19690000FR |||||||||||||||||fre|d
082 0 4 |a 841.09  |b RIO  |2 21 
100 0 |a Rioux, Lucien  |e author  |9 341161 
245 1 0 |a Serge Gainsbourg 
300 |a 186 p 
942 |c BK 
945 |d 19950713 00:00:00  |a rbrito 
260 |a París  |b Editions Seghers  |c 1969 
600 0 7 |a GAINSBOURG, SERGE  |2 CL-VaPUC  |9 341162 
650 0 |a Poesía francesa  |9 264947 
650 0 |a Crítica e interpretación   |9 255042 
583 |a last modification  |c 19950713 00:00:00  |k Rodrigo Vera 
490 0 |a Chansons d'Aujourd'Hui 
999 |c 236272  |d 236270 
952 |0 0  |1 0  |4 0  |6 841_090000000000000_RIO_1969  |7 0  |8 P  |9 244299  |a BIBART  |b BIBART  |d 2019-11-18  |i 3098621  |o 841.09 RIO 1969  |p 3098621  |r 2025-03-13  |w 2019-11-18  |y BK  |k ART